Komunitné centrum, Pistoriho palác, Bratislava

Gespeichert in:
Bibliographische Detailangaben
1. Verfasser: Homolová, Paulína (Verfasst von)
Weitere Verfasser: Závodný, Ľubomír (Betreuung Doktorarbeit)
Format: Manuskript Buch
Sprache:Slowakisch
Veröffentlicht: Bratislava 2020
Schlagworte:
Online-Zugang:http://is.stuba.sk/zp/portal_zp.pl?podrobnosti=139014
Tags: Tag hinzufügen
Keine Tags, Fügen Sie das erste Tag hinzu!

MARC

LEADER 00000ntm a22000003a 4500
001 stuzp81188
003 SK-STU
005 20200811093325.5
007 ta
008 150427s2015----xo-----f-mn---000-0-slo-d
040 |a STU  |b slo 
041 0 |a slo 
100 1 |a Homolová, Paulína  |u 051110  |4 aut  |U FAD Fakulta architektúry  |T FA Ústav architektúry obytných budov  |X 88075  |U A1110  |Y 392  |7 88075 
242 0 1 |a Community Center - The Pisztory Palace  |y eng 
245 1 0 |a Komunitné centrum, Pistoriho palác, Bratislava 
260 |c 2020  |a Bratislava 
650 4 |a komunitné centrum  |2 slo 
650 4 |a nádvorie  |2 slo 
650 4 |a spoločenské podujatie  |2 slo 
650 4 |a courtyard  |2 eng 
650 4 |a social events  |2 eng 
650 4 |a community center  |2 eng 
700 1 |a Závodný, Ľubomír  |u 051110  |k Z1  |4 ths  |U FAD Fakulta architektúry  |T FA Ústav architektúry obytných budov  |X 45410  |U A1110  |Y 392  |7 45410 
856 4 |u http://is.stuba.sk/zp/portal_zp.pl?podrobnosti=139014  |u https://opac.crzp.sk/?fn=detailBiblioForm&sid=2C8AB4190B6536A9D0821D7B1CEB